Neli Buzgibi ve plastik ada / (Record no. 22626)

MARC details
000 -BAŞLIK
Sabit Uzunluktaki Kontrol Alanı 00703nam a22002177a 4500
003 - KONTROL NUMARASI KİMLİĞİ
Kontrol Alanı koha_MIRAKIL
005 - EN SON İŞLEM TARİHİ ve ZAMANI
Kontrol Alanı 20250924123841.0
008 - SABİT UZUNLUKTAKİ VERİ ÖGELERİ - GENEL BİLGİ
Sabit Alan 250924b tur||||| |||| 00| 0 tur d
020 ## - ISBN - ULUSLARARASI STANDART KİTAP NUMARASI
Isbn 9786052857618
040 ## - KATALOGLAMA KAYNAĞI
Özgün Kataloglama Kurumu TR-IsEVY
Kataloglama Dili tur
Çeviri Kurumu TR-IsEVY
082 ## - DEWEY ONU SINIFLAMA SİSTEMİ
Sınıflama Numarası FIC STR/N
100 ## - KİŞİ ADI
Yazar Adı (Kişi adı) Strong, Jeremy
245 #0 - ESER ADI BİLDİRİMİ
Başlık Neli Buzgibi ve plastik ada /
Sorumluluk Bildirimi Jeremy Strong ; resimleyen Jamie Smith.
250 ## - BASIM BİLDİRİMİ
Basım Bildirimi 2. bs.
260 ## - YAYIN, DAĞITIM, VB.
Yayın Yeri İzmir :
Yayınevi Tudem,
Yayın Tarihi 2023.
300 ## - FİZİKSEL TANIMLAMA
Sayfa, Cilt vb. 71 s. :
Diğer fiziki detaylar renkli resimli ;
Boyutları 19 cm.
490 0# - DİZİ BİLDİRİMİ
Dizi Bildirimi Sen de Oku ;
Cilt Numarası 3. kitap.
650 ## - KONU BAŞLIĞI EK GİRİŞ - KONU TERİMİ
Konusal terim veya coğrafi ad Çocuk Edebiyatı.
Alt başlık biçimi Çocuk Hikayeleri.
-- Çevre Kirliliği.
-- Deniz Kirliliği.
-- Plastikler.
700 1# - EK GİRİŞ - KİŞİ ADI
Yazar Adı (Kişi adı) Smith, Jamie.
Ünvan resimleyen.
942 ## - EK GİRİŞ ÖGELERİ (KOHA)
Source of classification or shelving scheme Dewey Decimal Classification
Koha item type Kitap
Holdings
Kayıp Durumu Sınıflandırma Kaynağı Hasarlı Durumu Koleksiyon Kodu Kalıcı Konum Mevcut Konum Kayıt Tarih Edinim Kaynağı Toplam Ödünçverme Yer Numarası Demirbaş Numarası Son Görülme Tarihi Son Kontrol Tarihi Fatura Tarihi Materyal Türü
  Dewey Decimal Classification   İlkokul İLKOKUL KÜTÜPHANESİ İLKOKUL KÜTÜPHANESİ 24/09/2025 Bağış 1 FIC STR/N 24003 13/10/2025 09/10/2025 24/09/2025 Kitap